000 00567nam a2200181 i 4500
001 26718
003 ES-MaACL
005 20250724063405.0
007 t|
008 030110s1971 sp |||| | spa d
100 0 _aJuana Inés de la Cruz,
_cSor,
_d1651-1695
_967141
245 1 0 _aAntología /
_cSor Juana Inés de la Cruz ; selección, introducción y notas de Elías L. Rivers.
260 _a[Salamanca] :
_bAnaya,
_c[1971]
300 _a141 p. ;
_c17 cm.
700 1 _aRivers, Elias L.
_997715
852 _aES-MaACL
_jC-40786
999 _c26718
_d26718